00449cam a2200169ua 4500001000500000005001700005008003900022040000900061082000800070100003200078245005200110250000900162260004700171300002300218653001000241653002800251382120260515113732.0111221n ii |||gr||||Z||||||asm cMAIN a780 aHazarika, Surjya ,eEditor.11aAxomiya bhajan prasangaced. by Surjya Hazarika a1st. aGuwahati:bAxomiya bhajan samarooh,c2005. a320p:bill;c23cm. aMusic aAxomiya bhajan prasanga